Statistics for Top 10 Biggest Cities In Connecticut

Click here to take the quiz!

General Stats

  • This quiz has been taken 7 times
  • The average score is 6 of 10

Answer Stats

HintAnswer% Correct
121,054Hartford
100%
135,470Stamford
100%
134,023New Haven
86%
148,654Bridgeport
71%
86,518Danbury
57%
63,518Greenwich
57%
114,403Waterbury
57%
64,083West Hartford
57%
91,184Norwalk
29%
74,135New Britain
0%

Score Distribution

Percentile by Number Answered

Percent of People with Each Score

Your Score History

You have not taken this quiz